Club de Ligue 1 par année de fondation - Statistiques

Statistiques générales
  • Ce quiz a été pris 69 fois
  • Le résultat moyen est 8 sur 18
Statistiques - réponses
Année Club % Correct
1897 Olympique de Marseille
80%
1970 Paris Saint-Germain
77%
1894 Le Havre AC
69%
1972 Paris FC
59%
1901 Stade rennais FC
56%
1950 Olympique lyonnais
46%
1906 RC Lens
44%
1944 LOSC Lille
43%
1904 OGC Nice
41%
1906 RC Strasbourg
41%
1905 AJ Auxerre
39%
1924 AS Monaco
39%
1943 FC Nantes
39%
1926 FC Lorient
38%
1970 Toulouse FC
38%
1950 Stade brestois 29
36%
1919 FC Metz
33%
1919 Angers SCO
31%
Aucun quiz correspondant
Distribution des résultats
% des personnes avec chaque résultat
Percentile par nombre de réponses
Votre historique - résultats
Vous n’avez pas pris ce quiz